000 01073nam a22003497a 4500
001 BR2022001015
003 BR-BrBNA
005 20230928105704.0
007 ta
008 230509b bl.||||| |||| 00| 0 por d
040 _aBR-BrBNA
_bpor
_cBiblioteca Nacional de Agricultura
041 _a(Por)
072 _aE11; E70; E80
090 _ E11 BR2022001015
110 1 _aMinistério do Desenvolvimento Agrário, Brasília, DF (Brasil)
_97107
111 1 _a8. Feira Nacional da Agricultura Familiar e Reforma Agrária
_cRio de Janeiro, RJ (Brazil)
_d21-25 Nov 2012
245 1 _aBrasil rural contemporâneo
260 3 _aBrasília, DF (Brasil):
_c2012.
300 _a40 p.
500 _a106 illus.
650 _aPOLÍTICA AGRÁRIA
650 _aREFORMA AGRÁRIA
650 _aAGRICULTURA FAMILIAR
650 _aPRODUÇÃO DE ALIMENTOS
650 _aFEIRA
650 _aPOLÍTICAS PÚBLICAS
650 _aCOMERCIALIZAÇÃO
650 _aBIODIVERSIDADE
650 _aDESENVOLVIMENTO SUSTENTÁVEL
909 _a202309
_bLucia
_c55
_dLucia Elande
942 _cBK
999 _c86207
_d86207